| 000 | 00495cam a22002051 4500 | ||
|---|---|---|---|
| 001 | ne 63000769 | ||
| 003 | DLC | ||
| 005 | 20260227111744.0 | ||
| 008 | 881028q19601963xx 000 0 arar | ||
| 010 | _ane 63000769 | ||
| 035 | _a(OCoLC)23493885 | ||
| 040 |
_aDLC _cMiU _dDLC |
||
| 042 | _apremarc | ||
| 050 | 0 | 0 |
_aPJ7826.H3 _bB3 |
| 100 | 1 | _aGharīb, Muḥammad ʻAlī. | |
| 245 | 1 | 3 | _aal-Baṭal al-majhūl. |
| 260 |
_a[n. p.] _c[196-] |
||
| 300 |
_a95 p. _c24 cm. |
||
| 500 | _aRomanized. | ||
| 999 |
_c45776 _d45776 |
||